000 00235nam a22000857a 4500
008 161215b xxu||||| |||| 00| 0 eng d
100 _92066
_aGarg,P.K
245 _aPractice excercise in mathematics part - 3
260 _aNEW DELHI
_bNCERT
_c2007
999 _c4935
_d4935